[Event "Hamburg-chT Landesliga 2122"]
[Site "Hamburg"]
[Date "2022.05.08"]
[Round "9.8"]
[White "Schmidt, Deniz"]
[Black "Schleicher, Guido"]
[Result "0-1"]
[WhiteElo "1794"]
[BlackElo "2234"]
[PlyCount "118"]
[EventDate "2021.10.31"]
[EventType "team-tourn"]
[EventRounds "9"]
[EventCountry "GER"]
[SourceTitle "EXT 2023"]
[Source "ChessBase"]
[SourceDate "2022.10.05"]
[SourceVersion "1"]
[SourceVersionDate "2022.10.05"]
[SourceQuality "1"]
[WhiteTeam "Weisse Dame"]
[BlackTeam "St Pauli III"]
[WhiteTeamCountry "GER"]
[BlackTeamCountry "GER"]

1. e4 c6 2. d4 d5 3. Nc3 dxe4 4. Nxe4 Nf6 5. Nxf6+ exf6 6. Nf3 Bd6 7. Bd3 0-0 8. 0-0 Bg4 9. c3 Nd7 10. Bc2 Bh5 11. a4 a5 12. b3 Re8 13. Qd3 Bg6 14. Qd1 Bh5 15. Qd3 f5 16. Nd2 Nf6 17. f3 Qc7 18. h3 Bg6 19. Nc4 Bh2+ 20. Kh1 Nh5 21. f4 Bxf4 22. Bxf4 Nxf4 23. Qg3 Nd5 24. Qxc7 Nxc7 25. Bxf5 Nd5 26. Bxg6 hxg6 27. Rf3 Re7 28. Raf1 f6 29. R1f2 b6 30. Nb2 Kf7 31. c4 Nb4 32. Nd3 Nxd3 33. Rxd3 Re1+ 34. Kh2 Rae8 35. Rff3 Rd8 36. Rf2 Rd7 37. Rc2 Re4 38. d5 Ke7 39. Rcd2 cxd5 40. Rxd5 Rxd5 41. Rxd5 Re5 42. Rb5 Rxb5 43. axb5 Kd6 44. Kg3 Kc5 45. Kf3 a4 46. bxa4 Kxc4 47. a5 Kxb5 48. axb6 Kxb6 49. h4 Kc6 50. Kg4 Kd6 51. h5 gxh5+ 52. Kxh5 g5 53. Kg4 Ke5 54. Kg3 Kf5 55. Kf3 g4+ 56. Kg3 Kg5 57. Kf2 Kf4 58. g3+ Ke4 59. Ke2 f5 0-1

[Event "Hamburg-ch U16"]
[Site "Schoenhagen"]
[Date "2009.03.15"]
[Round "2"]
[White "Kneip, Jakob"]
[Black "Schmidt, Deniz"]
[Result "1-0"]
[WhiteElo "1666"]
[BlackElo "1390"]
[PlyCount "71"]
[EventDate "2009.03.14"]
[EventType "swiss"]
[EventRounds "9"]
[EventCountry "GER"]
[SourceTitle "EXT 2010"]
[Source "ChessBase"]
[SourceDate "2010.11.25"]
[SourceVersion "1"]
[SourceVersionDate "2010.11.25"]
[SourceQuality "1"]

1. e4 c5 2. Nc3 e6 3. f4 Qc7 4. d3 d6 5. Nf3 Nf6 6. g3 Be7 7. Bg2 a6 8. h3 b5 9. Ne2 Bb7 10. g4 0-0 11. Ng3 c4 12. g5 Nfd7 13. d4 c3 14. h4 cxb2 15. Bxb2 Nc6 16. h5 Nb4 17. c3 Nc6 18. Nh4 b4 19. d5 bxc3 20. Bxc3 Na5 21. Rc1 Nc4 22. Bxg7 Qa5+ 23. Bc3 Qb6 24. Ngf5 exf5 25. Nxf5 Rfe8 26. g6 Bf6 27. Qg4 Bxc3+ 28. Rxc3 Qb1+ 29. Kf2 Qb2+ 30. Kg1 Qxc3 31. Nh6+ Kf8 32. gxf7 Rxe4 33. Qg8+ Ke7 34. Nf5+ Kf6 35. Qg7+ Kxf5 36. Qg5# 1-0